[Event "Chalkidiki op"]
[Site "Chalkidiki"]
[Date "2015.07.19"]
[Round "9"]
[White "Kefalas, Spyridon"]
[Black "Kadioglu, Cem"]
[Result "1-0"]
[WhiteElo "2021"]
[BlackElo "1725"]
[PlyCount "59"]
[EventDate "2015.07.12"]
[EventType "swiss"]
[EventRounds "9"]
[EventCountry "GRE"]
[SourceTitle "EXT 2016"]
[Source "ChessBase"]
[SourceDate "2015.10.08"]
[SourceVersion "1"]
[SourceVersionDate "2015.10.08"]
[SourceQuality "1"]

1. c4 e6 2. e4 d5 3. exd5 exd5 4. d4 Nf6 5. Nc3 Bb4 6. Qe2+ Be6 7. c5 0-0 8. Qd3 Re8 9. Be3 b6 10. cxb6 axb6 11. Be2 Ne4 12. f3 Bf5 13. fxe4 Bxe4 14. Qd2 Bxg2 15. Bf3 Bxh1 16. Bxh1 Nc6 17. Nge2 Qd7 18. Kf2 Ne7 19. Bf4 c5 20. Rg1 Ng6 21. Rg5 cxd4 22. Nxd4 Bxc3 23. bxc3 Nxf4 24. Qxf4 Rxa2+ 25. Kg3 Qe7 26. Rxg7+ Kf8 27. Nf5 Qe1+ 28. Kh3 Qxc3+ 29. Rg3 Qe5 30. Qh6+ 1-0

[Event "Chalkidiki op"]
[Site "Chalkidiki"]
[Date "2015.07.16"]
[Round "6"]
[White "Kadioglu, Cem"]
[Black "Tsinaris, Fotis"]
[Result "0-1"]
[WhiteElo "1725"]
[BlackElo "1835"]
[PlyCount "70"]
[EventDate "2015.07.12"]
[EventType "swiss"]
[EventRounds "9"]
[EventCountry "GRE"]
[SourceTitle "EXT 2016"]
[Source "ChessBase"]
[SourceDate "2015.10.08"]
[SourceVersion "1"]
[SourceVersionDate "2015.10.08"]
[SourceQuality "1"]

1. e4 c5 2. Nf3 d6 3. d4 cxd4 4. Qxd4 Nc6 5. Bb5 Bd7 6. Bxc6 bxc6 7. Nc3 e5 8. Qd3 h6 9. Be3 Nf6 10. h3 Be7 11. 0-0-0 Qa5 12. g4 Be6 13. g5 hxg5 14. Nxg5 Bxa2 15. Bd2 Be6 16. Nxe6 fxe6 17. Qc4 Kf7 18. f4 exf4 19. Bxf4 d5 20. Qxc6 Qa1+ 21. Kd2 Qxb2 22. exd5 exd5 23. Rde1 Qb4 24. Rxe7+ Qxe7 25. Re1 Qd7 26. Qa6 Rhe8 27. Rb1 Re6 28. Qd3 d4 29. Nb5 Ne4+ 30. Kc1 Rd8 31. Qf3 Nf6 32. Qd3 Re1+ 33. Kb2 Rxb1+ 34. Kxb1 Qd5 35. Bc7 Rd7 0-1